أوضاع اللغة العربية فى أرتريا
Saved in:
| 主要作者: | |
|---|---|
| 其他作者: | |
| 格式: | Thesis |
| 語言: | Arabic |
| 出版: |
خرطوم
: معهد خرطوم دولى غة عربية،
1984
|
| 主題: | |
| 標簽: |
添加標簽
沒有標簽, 成為第一個標記此記錄!
|
| LEADER | 011150000a22002890004500 | ||
|---|---|---|---|
| 001 | 12608 | ||
| 005 | 20021114200800.0 | ||
| 008 | 931230s1984 ara | ||
| 035 | |a 143364 | ||
| 035 | |a (Sirsi) 12608 | ||
| 040 | |a UIAM |b eng | ||
| 049 | |b m | ||
| 050 | |a PJ6075E7 | ||
| 100 | 1 | |a عمر دين، ابراهيم عبد الله | |
| 245 | 1 | 0 | |a أوضاع اللغة العربية فى أرتريا |
| 246 | 0 | 0 | |a Awda' al-lughah al-'Arabiyah fi Iritriya / |c i'dad Ibrahim 'Abd Allah 'Umar al-Din; ishraf 'Umar Bilal Siddiq |
| 260 | 1 | |a خرطوم |b : معهد خرطوم دولى غة عربية، |c 1984 | |
| 300 | |a 153 p. | ||
| 502 | |a (M.A.)--Ma'had al-Khurtum al-Dawli li al-Lughat al-'Arabiyah, 1984 | ||
| 596 | |a 1 | ||
| 650 | 0 | |a Arabic language |z Eritrea (Ethiopia) | |
| 650 | 0 | |a Arabic language |x History |z Eritrea (Ethiopia) | |
| 655 | 0 | 7 | |a Theses, non-IIUM |
| 700 | 1 | |a 'Umar al-Din, Ibrahim 'Abd Allah | |
| 900 | |a smh | ||
| 999 | |c 429814 |d 461305 | ||
| 952 | |0 0 |6 T PJ 006075 E7U48A 1984 |7 0 |8 THESES |9 748687 |a IIUM |b IIUM |c MULTIMEDIA |g 0.00 |o t PJ6075E7U48A 1984 |p 00000288005 |r 2017-10-20 |t 1 |v 0.00 |y THESIS | ||
